Fuzziness in petri nets

Αποθηκεύτηκε σε:
Λεπτομέρειες βιβλιογραφικής εγγραφής
Άλλοι συγγραφείς: Cardoso, Janette 1958- (Επιμελητής έκδοσης), Camargo, Heloisa 1956- (Επιμελητής έκδοσης)
Μορφή: Βιβλίο
Γλώσσα:English
Δημοσίευση: Heidelberg : Physica-Verlag, c1999
Σειρά:Studies in fuzziness and soft computing ; ; 22
Θέματα:
Ετικέτες: Προσθήκη ετικέτας
Δεν υπάρχουν, Καταχωρήστε ετικέτα πρώτοι!

MARC

LEADER 00000nam a2200000 i 4500
001 1/16036
008 010122s1999 eng d
020 |a 3-7908-1158-0 
035 |l 10065631 
040 |a GR-MY-UA  |b gre  |e aacr 
041 0 |a eng 
082 0 |a 511.3 
245 1 0 |a Fuzziness in petri nets /  |c Janette Cardoso, Heloisa Camargo (Eds.) 
260 |a Heidelberg :   |b Physica-Verlag,   |c c1999 
300 |a x, 318 p.;  |b ill.;  |c 24 cm. 
490 1 |a Studies in fuzziness and soft computing  |v ; 22 
500 |a With 141 figures and 16 tables 
504 |a Includes bibliographical references 
650 0 0 |a Fuzzy Petri nets. 
700 1 |a Cardoso, Janette  |d 1958-  |4 edt 
700 1 |a Camargo, Heloisa  |d 1956-  |4 edt 
830 0 |a Studies in fuzziness and soft computing ;  |v ; 22 
852 |a INST  |b SYROS  |e 20010122  |h 511.3 FUZ  |p 005500001589  |q 005500001589  |t BK  |y 0 
901 |a BIBL5-2001-1 
909 |a Ε  |b 084469 
922 |a 5ΕΛΗ  |b 200012  |c ΓΡΑΦΙΚΩΝ ΤΕΧΝΩΝ  |d ΜΙΧΑΛΟΠΟΥΛΟΣ 
950 |a 183-2000-12-09 
970 |a ΚΟΝΤΟΥ  |b ΠΑΡΑΣΚΕΥΗ  |z 2001/01/29